Edificios para radio y la televisión nacional
El presente trabajo trata de plantear una alternativa de diseño para los edificios de radio y televisión nacional, como una respuesta a las necesidades que materia de espacio y equipamiento se requieren para estas actividades, en consecuencia ofrecer una solución físico espacial a esta important...
| Main Author: | |
|---|---|
| Other Authors: | |
| Format: | Tesis Section = Libro |
| Language: | Undetermined Spanish |
| Published: |
Guatemala
USAC-G
1973
|
| Subjects: |
| LEADER | 00954nam a2200217Ia 4500 | ||
|---|---|---|---|
| 008 | 240830s9999 xx 000 0 und d | ||
| 040 | |a BIBLIOTECA-RUSB/ Mon 725.237281 M534 | ||
| 041 | |a spa | ||
| 082 | |a Mon 725.237281 M534 | ||
| 100 | 1 | |a Mendía Paredes, Ricardo Ernesto | |
| 245 | 1 | 0 | |a Edificios para radio y la televisión nacional |
| 260 | |a Guatemala |b USAC-G |c 1973 | ||
| 300 | |a 43 p. :il. | ||
| 502 | |a Tesis (Arquitecto) - USAC-G, 1973. | ||
| 520 | 3 | |a El presente trabajo trata de plantear una alternativa de diseño para los edificios de radio y televisión nacional, como una respuesta a las necesidades que materia de espacio y equipamiento se requieren para estas actividades, en consecuencia ofrecer una solución físico espacial a esta importante actividad cultural. | |
| 650 | 7 | |a OFICINAS RADIO Y TELEVISION | |
| 650 | 7 | |b GUATEMALA I | |
| 700 | 1 | |a Tutor: |b Marroquín Campos, Hermes | |
| 942 | |c BK |2 ddc | ||
| 991 | |a TESIS | ||
| 999 | |c 21235 | ||